000 00945nam a2200325Ia 4500
001 Para_9303
003 CHAP
008 220125s2004 xx 000 0 und d
010 _a208042
040 _cCHAP
082 _a633.15 W4
100 _aWhite, Donald G.
_9121683
245 _aPlagas y enfermedades del maíz /
_c por Donald G. White
260 _aMadrid :
_b Mundi Prensa
300 _a78 p.
503 _aC/e (ej.1)
650 _aMaíz
_x enfermedades
_970939
650 _aMaíz
_x enfermedades por bacterias
_970940
650 _aMaíz
_x enfermedades por hongos
_970941
650 _aMaíz
_x enfermedades por virus
_970943
650 _aMaíz
_x plagas
_971034
710 _aThe American Phytopathological Society
_9172972
901 _a633.15 W4
902 _aM
905 _a0000002004 a 0000000000 00
910 _a2004
942 _cPARA
942 _cPARA
_d1
999 _c208042
_d208042